| 000 | 01135nam a2200277Ia 4500 | ||
|---|---|---|---|
| 003 | OSt | ||
| 005 | 20220918110927.0 | ||
| 006 | a|||||r|||| 00| 0 | ||
| 007 | ta | ||
| 008 | 220915b |||||||| |||| 00| 0 hin d | ||
| 020 |
_a9788126330126 (hbk) _c600 |
||
| 024 | _a12,175 | ||
| 037 |
_b251, 24/10/2013, Swaraj Prakashan _cReference Collections |
||
| 040 |
_aARTS _cARTS _bhin |
||
| 041 |
_2hin _ahin |
||
| 082 | _aO152,1N11x, Q1.6(RR) | ||
| 100 | _aपालीवाल, कृष्णदत्त, संपा. | ||
| 245 | 0 | _aअज्ञेय रचनावली | |
| 246 | _aAjnyeya rachanāvalī | ||
| 260 |
_aनई दिल्ली _bभारतीय ज्ञानपीठ भारत _c2011 |
||
| 300 | _a284पृ0 | ||
| 490 |
_vखंड 6 _aलोकोदय ग्रन्थमाला; ग्रन्थांक 1080 |
||
| 650 | _aहिन्दी साहित्य | ||
| 942 |
_hO152,1N11x, Q1.6(RR) _cREF |
||
| 999 |
_c115802 _d115802 |
||